<?xml version="1.0" encoding="UTF-8"?>
<collection xmlns="http://www.loc.gov/MARC21/slim">
 <record>
  <leader>02749nam a2200289 a 4500</leader>
  <controlfield tag="001">1/45409</controlfield>
  <controlfield tag="008">140827s2005    us            001 0 eng  </controlfield>
  <datafield tag="020" ind1=" " ind2=" ">
   <subfield code="a">9781597490191</subfield>
  </datafield>
  <datafield tag="020" ind1=" " ind2=" ">
   <subfield code="a">1597490199</subfield>
  </datafield>
  <datafield tag="035" ind1=" " ind2=" ">
   <subfield code="l">48369</subfield>
  </datafield>
  <datafield tag="040" ind1=" " ind2=" ">
   <subfield code="a">OPELS</subfield>
   <subfield code="b">eng</subfield>
   <subfield code="c">OPELS</subfield>
   <subfield code="d">OCLCQ</subfield>
   <subfield code="d">OCLCF</subfield>
   <subfield code="d">GR-PeUP</subfield>
  </datafield>
  <datafield tag="245" ind1="0" ind2="0">
   <subfield code="a">Virtualization with VMware ESX Server</subfield>
   <subfield code="h">[electronic resource] /</subfield>
   <subfield code="c">Al Muller ... [et al.] ; foreword by Ralph Troupe.</subfield>
  </datafield>
  <datafield tag="246" ind1="3" ind2="0">
   <subfield code="a">VMware ESX Server</subfield>
  </datafield>
  <datafield tag="260" ind1=" " ind2=" ">
   <subfield code="a">Rockland, MA :</subfield>
   <subfield code="b">Syngress,</subfield>
   <subfield code="c">c2005.</subfield>
  </datafield>
  <datafield tag="300" ind1=" " ind2=" ">
   <subfield code="a">1 online resource (xxiii, 463 p.) :</subfield>
   <subfield code="b">ill.</subfield>
  </datafield>
  <datafield tag="520" ind1=" " ind2=" ">
   <subfield code="a">This book will detail the default and custom installation of VMwares ESx server as well as basic and advanced virtual machine configurations. It will also discuss the requirements for a server virtualization and consolidation project and the cost savings surrounding such an effort. Furthermore, the book will provide a thorough understanding of the benefits of a virtual infrastructure and a comprehensive examination of how VMware eases administration and lowers overall IT costs. Lastly, the book delivers a thorough understanding of the virtual evolution which is underway in many IT organizations and how the reader will benefit from shifting from the physical to a virtual * A detailed resource on the default and custom installation of VMware's ESx server * Covers all the requirements for a server virtualization and consolidation project and the cost savings surrounding such an effort * Delivers a thorough understanding of the virtual evolution occuring in the IT industry.</subfield>
  </datafield>
  <datafield tag="505" ind1="0" ind2=" ">
   <subfield code="a">Chapter 1 Introduction to VMware Terms and Concepts ; Chapter 2 Loading VMware ESX Server 2.1.2 ; Chapter 3 Configuring a Virtual Machine and Gold Builds ; Chapter 4 Advanced Configurations including Clustering ; Chapter 5 Physical to Virtual Migrations ; Chapter 6 Server Consolidation ; Chapter 7 Cool Tools for a Virtual Infrastructure ; Chapter 8 Administering a Virtual Infrastructure ; Chapter 9 Gotchas/Common Problems and their Solutions ; Chapter 10 VMware under the Covers ; Chapter 11 Virtual Evolution and the Road Ahead ; Chapter 12 Backups made simpleScripts and all ; Chapter 13 A Peak at the FutureIts Totally Cool ; Chapter 14 Microsofts Virtual Server 2005. Connectix on roids.</subfield>
  </datafield>
  <datafield tag="504" ind1=" " ind2=" ">
   <subfield code="a">Includes bibliographical references (p. 450) and index.</subfield>
  </datafield>
  <datafield tag="630" ind1="0" ind2="0">
   <subfield code="a">VMware.</subfield>
  </datafield>
  <datafield tag="650" ind1=" " ind2="4">
   <subfield code="a">Operating systems (Computers).</subfield>
  </datafield>
  <datafield tag="650" ind1=" " ind2="4">
   <subfield code="a">Virtual computer systems.</subfield>
  </datafield>
  <datafield tag="655" ind1=" " ind2="4">
   <subfield code="a">Electronic books.</subfield>
  </datafield>
  <datafield tag="700" ind1="1" ind2=" ">
   <subfield code="a">Muller, Al.</subfield>
  </datafield>
  <datafield tag="852" ind1=" " ind2=" ">
   <subfield code="a">INST</subfield>
   <subfield code="b">UNIPILB</subfield>
   <subfield code="c">EBOOKS</subfield>
   <subfield code="e">20140827</subfield>
   <subfield code="p">00b48369</subfield>
   <subfield code="q">00b48369</subfield>
   <subfield code="t">ONLINE</subfield>
   <subfield code="y">0</subfield>
  </datafield>
  <datafield tag="856" ind1="4" ind2="0">
   <subfield code="3">ScienceDirect</subfield>
   <subfield code="u">http://www.sciencedirect.com/science/book/9781597490191</subfield>
  </datafield>
  <datafield tag="856" ind1="4" ind2=" ">
   <subfield code="d">/webopac/covers/03/48369_9781597490191.jpg</subfield>
  </datafield>
  <datafield tag="856" ind1="4" ind2=" ">
   <subfield code="d">/webopac/covers/03/48369_1597490199.jpg</subfield>
  </datafield>
 </record>
</collection>
